GADANIGRAHA (Record no. 8600)

MARC details
000 -LEADER
fixed length control field 00282nam a22001337a 4500
003 - CONTROL NUMBER IDENTIFIER
control field SGT
082 ## - DEWEY DECIMAL CLASSIFICATION NUMBER
Classification number 615.53
Item number G12T
100 ## - MAIN ENTRY--PERSONAL NAME
Personal name TRIPATHI, INDRADEVA
245 ## - TITLE STATEMENT
Title GADANIGRAHA
260 ## - PUBLICATION, DISTRIBUTION, ETC. (IMPRINT)
Place of publication, distribution, etc VARANASI
Name of publisher, distributor, etc CHAUKHAMBHA PUB
Year of Publication 2012
300 ## - PAGE DESCRIPTION
No. of Pages 419
650 ## - SUBJECT ADDED ENTRY--TOPICAL TERM
Topical term or geographic name as entry element GADANIGRAHA
942 ## - ADDED ENTRY ELEMENTS (KOHA)
Source of classification or shelving scheme Dewey Decimal Classification
Koha item type Books
Holdings
Withdrawn status Lost status Source of classification or shelving scheme Damaged status Use restrictions Not for loan Collection code Home library Current library Shelving location Date acquired Vendor Name Cost, normal purchase price Volume Information (Serial or Books or Non-Book Material) SGTU Bill Number Full call number Accession No. (Barcode) Date last seen Bill Date Koha item type Total Checkouts
    Dewey Decimal Classification   Restricted Access   AYURVEDA SGT FA-FP Library SGT FA-FP Library Reference Book 26/03/2016 CHAUKHAMBHA 275.00 1 SGTU CP/B/776 615.53 G12T FA4486 26/03/2016 05/01/2016 Books  
    Dewey Decimal Classification       AYURVEDA SGT FA-FP Library SGT FA-FP Library Text Book 26/03/2016 CHAUKHAMBHA 275.00 1 SGTU CP/B/776 615.53 G12T FA4487 26/03/2016 05/01/2016 Books  
    Dewey Decimal Classification       AYURVEDA SGT FA-FP Library SGT FA-FP Library Text Book 26/03/2016 CHAUKHAMBHA 275.00 1 SGTU CP/B/776 615.53 G12T FA4488 26/03/2016 05/01/2016 Books